| 000 | 01332pam a2200313 a 4500 | ||
|---|---|---|---|
| 001 | 1125077 | ||
| 003 | OSt | ||
| 005 | 20230905162609.0 | ||
| 008 | 940603s1995 enka b 011 0 eng | ||
| 010 | _a 94025085 | ||
| 020 | _a0521473608 (hardback : alk. paper) | ||
| 040 |
_aDLC _cDLC _dDLC |
||
| 043 | _ae-uk--- | ||
| 050 | 0 | 0 |
_aPR503 _b.P74 1995 |
| 082 | 0 | 0 |
_a821.009 _bERS/P |
| 245 | 0 | 0 |
_aPresenting poetry : _bcomposition, publication, reception : essays in honour of Ian Jack / _cedited by Howard Erskine-Hill and Richard A. McCabe. |
| 260 |
_aCambridge ; _aNew York : _bCambridge University Press, _c1995. |
||
| 300 |
_aviii, 272 p. : _bill. ; _c24 cm. |
||
| 504 | _aIncludes bibliographical references and index. | ||
| 650 | 0 |
_aEnglish poetry _xHistory and criticism. |
|
| 700 | 1 |
_aJack, Ian, _d1923-2008. |
|
| 700 | 1 |
_aErskine-Hill, Howard _99431 |
|
| 700 | 1 |
_aMcCabe, Richard A. _q(Richard Anthony), _d1954- |
|
| 856 | 4 | 1 |
_3Table of contents _uhttp://www.loc.gov/catdir/toc/cam023/94025085.html |
| 856 | 4 | 2 |
_3Publisher description _uhttp://www.loc.gov/catdir/description/cam026/94025085.html |
| 906 |
_a7 _bcbc _corignew _d1 _eocip _f19 _gy-gencatlg |
||
| 942 |
_2ddc _cBK _h821.009 _iERS/P _k821.009 _mERS/P |
||
| 999 |
_c42135 _d42135 |
||